| 000 | 00968nam a2200301 i 4500 | ||
|---|---|---|---|
| 001 | 000003269 | ||
| 003 | DO-SdBNP | ||
| 005 | 20250310102720.0 | ||
| 007 | ta | ||
| 008 | 090707s1982 dr a 000 0 spa d | ||
| 040 |
_aDO-SdBNP _bspa _cBNPHU _erda |
||
| 082 | 4 |
_a604.2 _bV748d _222 |
|
| 100 | 1 |
_aVilleta Molineaux, Jesús A. _910295 |
|
| 245 | 1 | 0 |
_aDibujo técnico de ingeniería y geometría descriptiva / _cJesús A. Villeta Molineaux. |
| 264 |
_aSanto Domingo : _bINTEC, _c1982. |
||
| 300 |
_a254 páginas : _bilustraciones ; _c27 cm. |
||
| 336 |
_2rdacontent _atexto _btxt |
||
| 337 |
_2rdamedia _asin mediación _bn |
||
| 338 |
_2rdacarrier _avolumen _bnc |
||
| 504 | _aBibliografía : p. 261-263. | ||
| 590 | _aInventariado,2018/DG | ||
| 650 | 4 |
_aDibujo técnico _910296 |
|
| 650 | 4 |
_aGeometría descriptiva _910297 |
|
| 650 | 4 |
_aDibujo geométrico _96895 |
|
| 710 | 2 |
_aInstituto Tecnológico de Santo Domingo _978911 |
|
| 910 | _aDG | ||
| 942 |
_2ddc _cLBS1 |
||
| 999 |
_c55388 _d55388 |
||